Тяжелые металлы и другие элементы в почвах территорий г. Томска; Тяжелые металлы и радионуклиды в окружающей среде; Т. 2

Detalhes bibliográficos
Parent link:Тяжелые металлы и радионуклиды в окружающей среде: материалы VII Международной научно-практической конференции, 4-8 октября 2012 г., г. Семипалатинск (Семей)/ Семипалатинский государственный педагогический институт ; Российская академия наук (РАН), Институт геохимии и аналитической химии (ГЕОХИ) ; Московский государственный университет им. М. В. Ломоносова (МГУ) ; Национальный исследовательский Томский политехнический университет (ТПУ) ; Российская академия наук (РАН), Сибирское отделение (СО), Институт почвоведения и агрохимии (ИПА) ; под ред. М. А. Бектемесова.— , 2012.— 978-601-7332-72-3
Т. 2.— 2012.— С. 90-95
Autor principal: Жорняк Л. В. Лина Владимировна
Idioma:russo
Publicado em: 2012
Colecção:Источники поступления тяжелых металлов и радионуклидов в природные компоненты, экологическое нормирование их нагрузок и организация мониторинга среды обитания
Assuntos:
Formato: Capítulo de Livro
KOHA link:https://koha.lib.tpu.ru/cgi-bin/koha/opac-detail.pl?biblionumber=259528

MARC

LEADER 00000naa2a2200000 4500
001 259528
005 20240117134039.0
035 |a (RuTPU)RU\TPU\book\282471 
035 |a RU\TPU\book\282460 
090 |a 259528 
100 |a 20140510d2012 k y0rusy50 ca 
101 0 |a rus 
102 |a RU 
200 1 |a Тяжелые металлы и другие элементы в почвах территорий г. Томска  |f Л. В. Жорняк 
225 1 |a Источники поступления тяжелых металлов и радионуклидов в природные компоненты, экологическое нормирование их нагрузок и организация мониторинга среды обитания 
320 |a Библиогр.: с. 95 (9 назв.) 
461 1 |0 (RuTPU)RU\TPU\book\270768  |y 978-601-7332-72-3  |t Тяжелые металлы и радионуклиды в окружающей среде  |o материалы VII Международной научно-практической конференции, 4-8 октября 2012 г., г. Семипалатинск (Семей)  |f Семипалатинский государственный педагогический институт ; Российская академия наук (РАН), Институт геохимии и аналитической химии (ГЕОХИ) ; Московский государственный университет им. М. В. Ломоносова (МГУ) ; Национальный исследовательский Томский политехнический университет (ТПУ) ; Российская академия наук (РАН), Сибирское отделение (СО), Институт почвоведения и агрохимии (ИПА) ; под ред. М. А. Бектемесова  |d 2012 
463 1 |0 (RuTPU)RU\TPU\book\269462  |t Т. 2  |v С. 90-95  |d 2012  |p 713 с. 
610 1 |a тяжелые металлы 
610 1 |a элементы 
610 1 |a почва 
610 1 |a Томск 
610 1 |a города 
610 1 |a загрязнения 
610 1 |a антропогенное воздействие 
610 1 |a труды учёных ТПУ 
700 1 |a Жорняк  |b Л. В.  |c геохимик  |c доцент Томского политехнического университета, кандидат геолого-минералогических наук  |f 1981-  |g Лина Владимировна  |3 (RuTPU)RU\TPU\pers\26169  |9 11978 
801 1 |a RU  |b 63413507  |c 20140507 
801 2 |a RU  |b 63413507  |c 20150219  |g RCR 
942 |c BK